Normal view
MARC view
Entry Topical Term
001 - CONTROL NUMBER
- control field: 236677
003 - CONTROL NUMBER IDENTIFIER
- control field: OSt
005 - DATE AND TIME OF LATEST TRANSACTION
- control field: 20250820150301.0
008 - FIXED-LENGTH DATA ELEMENTS
- fixed length control field: 250820|| aca||aabn | a|a d
040 ## - CATALOGING SOURCE
- Original cataloging agency: OSt
- Transcribing agency: OSt
150 ## - HEADING--TOPICAL TERM
- Topical term or geographic name entry element: Kannada Grammar
670 ## - SOURCE DATA FOUND
- Source citation: Work cat.: (OSt)85501: VENKATACHALA SHASTRI (T V). ವೆಂಕಟಾಚಲ ಶಾಸ್ತ್ರಿ (ಟಿ ವಿ) 236675, Kannada chandasvarupa., 1978